Výzkum a vývoj výrobků ve VHJ /

Salvato in:
Dettagli Bibliografici
Autori principali: Širokoradová, Blanka (Autore), Minárik, Aladár (Autore)
Natura: Libro
Lingua:ceco
Pubblicazione: Praha : SNTL, 1984
Soggetti:
Tags: Aggiungi Tag
Nessun Tag, puoi essere il primo ad aggiungerne!!

MARC

LEADER 00000nam a22000003a 4500
001 stu41602
005 20150617225723.0
008 940104s1984----cs------------------cze-d
040 |a STU  |b slo 
041 0 |a cze 
044 |a cs 
100 1 |a Širokoradová, Blanka  |4 aut 
245 1 |a Výzkum a vývoj výrobků ve VHJ /  |c [aut.]Blanka Širokoradová, Aladár Minárik 
260 |a Praha :  |b SNTL,  |c 1984 
300 |a 197 s 
650 7 |a VHJ  |2 stusub 
650 7 |a výrobky  |2 stusub 
650 7 |a výskum a vývoj  |2 stusub 
700 1 |a Minárik, Aladár  |4 aut 
996 |b 284M045772  |c M*563-5  |l MMKN  |s A  |a 24  |w stu41602_0001